header

Understanding how young children learn (Record no. 99724)

MARC details
000 -LEADER
fixed length control field 01243nam a2200313Ia 4500
082 04 - DEWEY DECIMAL CLASSIFICATION NUMBER
Classification number 372.21
100 1# - MAIN ENTRY--AUTHOR NAME
Personal name Ostroff, Wendy L.
245 10 - TITLE STATEMENT
Title Understanding how young children learn
260 ## - PUBLICATION, DISTRIBUTION, ETC. (IMPRINT)
Place of publication Alexandria, Virginia, USA :
Name of publisher ASCD,
Year of publication 2012.
300 ## - PHYSICAL DESCRIPTION
Number of Pages x, 199 p.
650 #0 - SUBJECT ADDED ENTRY--TOPICAL TERM
Topical Term Early childhood education.
Topical Term Child development.
856 40 - ELECTRONIC LOCATION AND ACCESS
Uniform Resource Identifier http://site.ebrary.com/lib/rucke/Doc?id=10602977

No items available.

© 2026 Rongo University
Contact us: librarian | system librarian | Rongo university